000 00296nam a22001337a 4500
008 170529b xxu||||| |||| 00| 0 eng d
020 _a9780521559195
041 _aeng
080 _a94(7/8)
100 _a16
101 _aIM
245 _aCHALLENGING THE STATE
_cGRINDLE, M.S
942 _2udc
_cBK
999 _c14940
_d14940